[Event "56th Rubinstein Memorial D 2020"]
[Site "Polanica Zdroj"]
[Date "2020.08.19"]
[Round "5.5"]
[White "Darowicki, Mariusz"]
[Black "Sypien, Natan"]
[Result "1-0"]
[WhiteElo "1950"]
[BlackElo "1794"]
[Annotator "TA"]
[PlyCount "53"]
[EventDate "2020.08.15"]
[EventType "swiss"]
[EventCountry "POL"]
[SourceTitle "playchess.com"]
[Source "ChessBase"]
[SourceQuality "1"]

{[%evp 20,53,9,3,7,2,14,0,18,11,17,8,100,107,302,176,240,78,73,65,54,71,170,176,354,298,458,457,462,444,515,514,636,629,621,629]} 1. e4 c5 2. Nf3 Nc6 3. Bb5 g6 4. O-O Bg7 5. c3 Nf6 6. e5 Nd5 7. d4 cxd4 8. cxd4 O-O 9. Nc3 Nc7 10. Bf4 Nxb5 11. Nxb5 a6 {B31: Sicilian: 2...Nc6 3 Bb5 g6.} 12. Nc3 d5 13. h3 {[#]} f6 $146 {The position is equal.} ({Predecessor:} 13... b5 14. Qd2 Bf5 15. Ne2 b4 16. Rfc1 Qb6 17. Rc5 Rac8 18. Rac1 Na5 19. b3 Nb7 20. Rxc8 Rxc8 21. Rxc8+ Bxc8 {0-1 (47) Baumstark,G (2135)-Smokina,K Romania 1994}) 14. exf6 exf6 15. Qb3 Ne7 (15... g5 $11 16. Bh2 g4 17. hxg4 Rf7) 16. Rfe1 $16 Ra7 $2 {[#]} (16... Rf7 $16) 17. Qa3 (17. Rxe7 $142 $1 {[%mdl 512]} Qxe7 18. Nxd5) 17... Nf5 (17... Rf7 {was called for.} 18. Nb5 axb5 19. Qxa7 Nc6) 18. Qc5 $2 (18. g4 $18 {has better winning chances.}) 18... b6 19. Qxd5+ Qxd5 20. Nxd5 {Rac1 is the strong threat.} Rd8 (20... Bb7 $16 21. Ne7+ (21. Nxb6 Bxf3 22. gxf3 Nxd4 $17) 21... Nxe7 22. Rxe7 Rfa8) 21. Nxb6 $18 {And now Rac1 would win.} Bb7 $2 {[#]} (21... Rb7) 22. d5 $1 Bxd5 (22... Bf8 $142 23. Rad1 Bb4) 23. Rad1 {White is clearly winning.} Ne7 24. Be3 ({Weaker is} 24. Rxe7 Rxe7 25. Rxd5 (25. Nxd5 Red7 $16) 25... Rxd5 $18) 24... Rb7 {If Black can now play ...Rbb8 this consolidates a bit.} 25. Bc5 Rxb6 26. Bxb6 Rd7 {[#]} 27. Rxe7 $1 {[%mdl 64] Remove Defender. Accuracy: White = 68%, Black = 19%.} 1-0

[Event "56th Rubinstein Memorial D 2020"]
[Site "Polanica Zdroj"]
[Date "2020.08.19"]
[Round "5.6"]
[White "Szczygiel, Jakub"]
[Black "Pyka, Roman"]
[Result "1/2-1/2"]
[WhiteElo "1802"]
[BlackElo "1873"]
[Annotator "NA RC"]
[PlyCount "24"]
[EventDate "2020.08.15"]
[EventType "swiss"]
[EventCountry "POL"]
[SourceTitle "playchess.com"]
[Source "ChessBase"]
[SourceQuality "1"]
[TimeControl "40/5400+30:1800+30"]

{[%evp 8,24,43,39,37,10,29,8,23,7,9,12,11,0,0,0,0,-14,31]} 1. d4 {[%emt 0:00:00]} Nf6 {[%emt 0:00:09]} 2. c4 {[%emt 0:00:00]} e5 {[%emt 0:00:16]} 3. dxe5 {[%emt 0:00:00]} Ng4 {[%emt 0:00:13]} 4. Nf3 {[%emt 0:00:07]} Nc6 {[%emt 0:00:14]} 5. e3 {[%emt 0:00:41]} Bb4+ {[%emt 0:02:32]} 6. Nbd2 {[%emt 0:00:31]} Ngxe5 {[%emt 0:01:35]} 7. Be2 {[%emt 0:00:31]} O-O {[%emt 0:00:33]} 8. a3 {[%emt 0:00:20]} Be7 {[%emt 0:00:27]} 9. Nxe5 {[%emt 0:01:53]} Nxe5 {[%emt 0:00:25]} 10. Nf3 {[%emt 0:00:06]} d6 {[%emt 0:01:16]} 11. Qc2 {[%emt 0:02:00]} Bf6 {[%emt 0:01:36]} 12. Bd2 {[%emt 0:00:53]} Nxf3+ $14 {[%emt 0:03:22]} 1/2-1/2

[Event "56th Rubinstein Memorial D 2020"]
[Site "Polanica Zdroj"]
[Date "2020.08.19"]
[Round "5.7"]
[White "Janicki, Rafal"]
[Black "Kalkowski, Igor"]
[Result "0-1"]
[WhiteElo "1851"]
[BlackElo "1747"]
[Annotator "NA RC"]
[PlyCount "72"]
[EventDate "2020.08.15"]
[EventType "swiss"]
[EventCountry "POL"]
[SourceTitle "playchess.com"]
[Source "ChessBase"]
[SourceQuality "1"]
[TimeControl "40/5400+30:1800+30"]

{[%evp 13,72,41,56,17,62,35,74,32767,0,0,0,0,0,-108,-87,-409,-451,-445,-422,-418,-406,-522,-426,-411,-391,-349,-369,-375,-357,-381,-343,-346,-364,-380,-309,-290,-222,-208,-227,-212,-219,-219,-222,-322,-355,-364,-370,-343,-362,-380,-408,-406,-447,-448,-525,-470,-426,-439,-400,-949,-1047]} 1. e4 {[%emt 0:00:00]} c5 {[%emt 0:00:00]} 2. c3 {[%emt 0:00:03]} g6 {[%emt 0:00:00]} 3. d4 {[%emt 0:00:05]} cxd4 {[%emt 0:00:00]} 4. cxd4 {[%emt 0:00:06]} d5 {[%emt 0:00:00]} 5. e5 {[%emt 0:00:16]} Bg7 {[%emt 0:00:09]} 6. Nf3 {[%emt 0:00:12]} Nc6 {[%emt 0:00:06]} 7. Bb5 {[%emt 0:00:43]} Bg4 {[%emt 0:01:59]} 8. Nbd2 {[%emt 0:01:45]} (8. Bxc6+ $5 bxc6 9. Nbd2 $14) 8... Nh6 {[%emt 0:02:54]} 9. O-O {[%emt 0:01:18]} (9. Bxc6+ $5 bxc6 10. h3 $14) 9... O-O {[%emt 0:00:23] B27: Sicilian: 2 Nf3, unusual Black 2nd moves.} 10. h3 {[%emt 0:01:12]} Nxd4 {[%emt 0:01:52]} 11. hxg4 {[%emt 0:03:17]} Nxb5 {[%emt 0:00:09] [#]} 12. g5 $146 {[%emt 0:07:54]} ({Predecessor:} 12. Qa4 Qd7 13. g5 Ng4 14. e6 Qxe6 15. Qxb5 Qd6 16. Qa4 f5 17. gxf6 Nxf6 18. b3 {1-0 (57) Sideris,T (1970)-Nemtsas,H (1917) Athens 2018}) 12... Nf5 {[%emt 0:06:48]} 13. Qa4 {[%emt 0:08:00]} (13. a4 $1 $11 {keeps the balance.} Nbd4 14. g4) 13... Qd7 {[%emt 0:00:16]} 14. g4 $2 {[%emt 0:02:30] [#]} (14. Rd1 $17) 14... Nfd4 $1 {[%emt 0:00:20]} 15. Nh2 {[%emt 0:18:05]} Bxe5 {[%emt 0:02:42]} 16. f4 {[%emt 0:00:15]} Bd6 {[%emt 0:00:34]} 17. Ndf3 {[%emt 0:02:09]} Nxf3+ {[%emt 0:07:04]} 18. Rxf3 {[%emt 0:01:43]} e5 {[%emt 0:00:59]} 19. fxe5 {[%emt 0:03:55]} Bxe5 {[%emt 0:00:21]} 20. Bf4 {[%emt 0:02:26]} Bg7 {[%emt 0:02:15]} 21. Rd1 {[%emt 0:01:33]} a6 {[%emt 0:00:28]} 22. Rfd3 {[%emt 0:00:50]} d4 {[%emt 0:00:19]} ({Less strong is} 22... Bxb2 23. Qb4 $19) 23. Qb3 {[%emt 0:01:32]} Qe6 {[%emt 0:03:17]} 24. a4 {[%emt 0:03:23] [#]} Nc3 $1 {[%emt 0:04:50]} 25. Qxe6 {[%emt 0:03:15]} fxe6 {[%emt 0:00:05]} 26. bxc3 {[%emt 0:02:19]} Rxf4 {[%emt 0:00:08]} 27. cxd4 {[%emt 0:01:25]} Rd8 {[%emt 0:00:13]} 28. Re1 {[%emt 0:04:31]} (28. Nf3 {keeps fighting.}) 28... Rdxd4 {[%emt 0:01:21]} 29. Rb3 {[%emt 0:00:42]} Rb4 {[%emt 0:03:17]} 30. Rxb4 {[%emt 0:01:22]} Rxb4 {[%emt 0:00:32]} 31. Rxe6 {[%emt 0:00:49]} Rxa4 {[%emt 0:00:09]} 32. Re8+ {[%emt 0:00:13]} Bf8 {[%emt 0:00:33]} ({Resist} 32... Kf7 33. Rc8 $19) 33. Rb8 {[%emt 0:01:00]} b5 {[%emt 0:00:14]} 34. Kg2 {[%emt 0:00:35]} Kf7 {[%emt 0:01:41]} 35. Nf3 {[%emt 0:00:47]} Rxg4+ {[%emt 0:00:23]} 36. Kh3 $2 {[%emt 0:00:10] [#]} (36. Kf1 Re4 37. Ra8) 36... Rg3+ $19 {[%emt 0:00:19] Decoy} 0-1

[Event "56th Rubinstein Memorial D 2020"]
[Site "Polanica Zdroj"]
[Date "2020.08.19"]
[Round "5.8"]
[White "Ursnik, Patryk"]
[Black "Szmidt, Przemyslaw"]
[Result "1/2-1/2"]
[WhiteElo "1601"]
[BlackElo "1831"]
[Annotator "NA RC"]
[PlyCount "65"]
[EventDate "2020.08.15"]
[EventType "swiss"]
[EventCountry "POL"]
[SourceTitle "playchess.com"]
[Source "ChessBase"]
[SourceQuality "1"]
[TimeControl "40/5400+30:1800+30"]

{[%evp 11,65,0,8,0,2,0,3,0,11,0,0,-67,-65,-96,-101,-114,-60,-104,-97,-111,-64,-79,-61,-75,-62,-151,-18,-193,-181,-177,-208,-268,-251,-256,-62,-62,-60,-68,-26,-94,-50,-37,160,157,170,160,165,0,36,0,0,-197,-210,-213,0,0]} 1. e4 {[%emt 0:06:06]} c5 {[%emt 0:00:00]} 2. c3 {[%emt 0:00:03]} Qa5 {[%emt 0:00:03]} 3. Nf3 {[%emt 0:05:25]} Nc6 {[%emt 0:00:09]} 4. d4 {[%emt 0:01:55]} cxd4 {[%emt 0:00:12]} 5. Nxd4 {[%emt 0:00:05]} Nf6 {[%emt 0:00:36]} 6. Nxc6 {[%emt 0:04:34] B22: Sicilian: 2 c3.} bxc6 {[%emt 0:00:43]} 7. Bd3 {[%emt 0:00:33]} g6 {[%emt 0:00:22]} 8. O-O {[%emt 0:00:05]} Bg7 {[%emt 0:00:04]} 9. Nd2 {[%emt 0:01:58]} O-O {[%emt 0:00:21]} 10. Nc4 {[%emt 0:01:39]} Qc7 {[%emt 0:00:49] [#]} 11. Ne3 $146 {[%emt 0:09:26]} ({White should try} 11. e5 $11 Nd5 12. Re1) ({Predecessor:} 11. f3 d5 12. Nd2 a5 13. Re1 Rd8 14. Qe2 e6 15. Nb3 c5 16. exd5 exd5 17. Bb5 {0-1 (37) Talmaci,A (1998)-Horvath,T (2398) Varna 2012}) 11... d5 {[%emt 0:00:37]} 12. exd5 {[%emt 0:04:27]} cxd5 {[%emt 0:01:37]} 13. Be2 {[%emt 0:01:10]} Bb7 {[%emt 0:00:36]} 14. Bf3 {[%emt 0:00:31]} Rad8 {[%emt 0:00:19]} 15. Qb3 {[%emt 0:02:22]} Ba8 {[%emt 0:01:14]} 16. Nc2 {[%emt 0:14:03]} h6 {[%emt 0:02:08]} 17. Be3 {[%emt 0:08:46]} e5 {[%emt 0:00:32]} 18. Rad1 {[%emt 0:00:16]} ({White should play} 18. Rac1 $15) 18... d4 {[%emt 0:03:12]} (18... Rb8 $17 19. Qa3 {[#]} d4 $1 {[%mdl 512]} 20. Bxa8 dxe3) 19. Bxa8 {[%emt 0:00:05]} (19. cxd4 $15 Bxf3 20. gxf3) 19... dxe3 {[%emt 0:00:13]} 20. Bf3 {[%emt 0:00:39]} e4 {[%emt 0:00:33]} 21. Be2 {[%emt 0:00:37]} exf2+ {[%emt 0:04:03]} 22. Rxf2 {[%emt 0:00:46] [#]} Qc5 $2 {[%emt 0:01:40]} (22... Rxd1+ $1 $19 23. Bxd1 Rb8) 23. Rxd8 {[%emt 0:03:14]} Rxd8 {[%emt 0:00:47]} 24. Nd4 {[%emt 0:01:48]} Qg5 {[%emt 0:01:47]} 25. Nc6 {[%emt 0:02:23]} ({White should play} 25. g3 $15) 25... Qc1+ {[%emt 0:02:02]} (25... Rd7 $17 26. Nd4 Ng4 27. Bxg4 Qxg4) 26. Bf1 {[%emt 0:01:55]} e3 $2 {[%emt 0:01:24]} (26... Re8 $15 27. Nd4 Rf8) 27. Rc2 {[%emt 0:03:07]} Qd1 {[%emt 0:01:16]} 28. Nxd8 {[%emt 0:05:47]} Qxd8 {[%emt 0:00:07]} 29. c4 $2 {[%emt 0:00:42]} (29. Qc4 $16) 29... Ng4 {[%emt 0:00:31]} 30. Be2 {[%emt 0:02:39]} Nxh2 $1 {[%emt 0:01:55]} ({Not} 30... Qh4 $2 31. Qb8+ {[%mdl 64] Double Attack} Kh7 32. Qg3 $18) 31. Qd3 $2 {[%emt 0:03:01]} (31. Kxh2 {is a self mate.} Qh4+ 32. Kg1 Qf2+ 33. Kh1 Be5 34. Qxe3 Qh4+ 35. Kg1 Qe1+ 36. Bf1 Qxe3+ 37. Kh1 Qg3 38. Kg1 Bd4+ 39. Rf2 Qxf2+ {[%mdl 64] Double Attack} 40. Kh2 Qh4#) (31. Qb5 $11 {and White stays safe.} Bd4 32. Kxh2 Qh4+ 33. Kg1 Qe1+ 34. Kh2 Qh4+ 35. Kg1 Qe1+ 36. Kh2 Qh4+) 31... Qh4 {[%emt 0:00:20]} 32. Qd6 {[%emt 0:04:34] [#]} Qf2+ $11 {[%emt 0:02:16]} (32... Nf1 $1 $19 {[%cal Rf1g3][%mdl 512]} 33. Bxf1 e2 34. Bxe2 (34. Qb8+ {is a self mate.} Kh7 35. Rd2 e1=Q 36. g3 Bd4+ 37. Rxd4 Qxd4+ 38. Kh2 Qxf1 39. Qg8+ Kxg8 40. b4 Qdg1#) 34... Bd4+ 35. Qxd4 Qxd4+ 36. Kf1 Qe4) 33. Kxh2 {[%emt 0:00:17]} 1/2-1/2

[Event "56th Rubinstein Memorial D 2020"]
[Site "Polanica Zdroj"]
[Date "2020.08.19"]
[Round "5.9"]
[White "Wawrzyniak, Pawel"]
[Black "Brzozowski, Pawel"]
[Result "1-0"]
[WhiteElo "1824"]
[BlackElo "1620"]
[Annotator "NA RC"]
[PlyCount "113"]
[EventDate "2020.08.15"]
[EventType "swiss"]
[EventCountry "POL"]
[SourceTitle "playchess.com"]
[Source "ChessBase"]
[SourceQuality "1"]
[TimeControl "40/5400+30:1800+30"]

{[%evp 12,113,10,12,0,7,11,1,8,8,18,4,9,-20,14,-466,0,0,0,11,25,8,22,7,29,12,79,67,79,77,137,89,79,84,84,69,81,67,67,42,37,23,30,27,21,16,25,14,44,15,18,-10,-15,-33,-29,-67,-29,-169,-200,-196,-111,-191,-144,-126,-100,-116,-114,-104,99,95,110,106,104,121,107,104,128,97,97,76,101,32,73,26,60,56,56,50,97,46,9,39,14,31,37,13,118,141,139,157,155,164,29978,29982]} 1. d4 {[%emt 0:00:00]} d5 {[%emt 0:00:00]} 2. c4 {[%emt 0:00:00]} e6 {[%emt 0:00:00]} 3. Nc3 {[%emt 0:00:05]} Nf6 {[%emt 0:00:00]} 4. Bg5 {[%emt 0:00:12]} Be7 {[%emt 0:00:00]} 5. e3 {[%emt 0:00:07]} O-O {[%emt 0:00:14]} 6. Nf3 {[%emt 0:00:07]} b6 {[%emt 0:00:21]} 7. cxd5 {[%emt 0:05:07]} Nxd5 {[%emt 0:00:08]} 8. Bxe7 {[%emt 0:00:17]} Qxe7 {[%emt 0:00:11]} 9. Nxd5 {[%emt 0:00:28]} exd5 {[%emt 0:00:12]} 10. Bd3 {[%emt 0:00:51]} Bb7 {[%emt 0:01:34]} 11. O-O {[%emt 0:08:37]} c5 {[%emt 0:02:06]} 12. Rc1 {[%emt 0:01:03]} Nd7 {[%emt 0:02:28]} 13. dxc5 {[%emt 0:15:02] E12: Queen's Indian: Unusual White 4th moves, 4 a3, 4 Nc3 Bb7 5 a3 and 4 Nc3 Bb7 .} (13. Rxc5 $2 {[%mdl 8192]}) (13. Qc2 $11 {and White has nothing to worry.}) 13... bxc5 {[%emt 0:01:18]} 14. Qe2 {[%emt 0:02:19] [#]} c4 $146 {[%emt 0:17:51]} ({Predecessor:} 14... Qd6 15. Rfd1 f5 16. Qc2 g6 17. Bb5 Rfc8 18. Qa4 Ne5 19. Nxe5 Qxe5 20. Rc2 c4 {0-1 (50) Mishina,O (2204)-Krasilnikova,N Cherepovets 2001}) 15. Bb1 {[%emt 0:03:53]} Rfc8 {[%emt 0:03:23]} 16. Rfd1 {[%emt 0:15:35]} a5 {[%emt 0:06:44]} 17. b3 {[%emt 0:07:59]} cxb3 {[%emt 0:12:32]} 18. axb3 {[%emt 0:00:14]} Qa3 {[%emt 0:19:48]} (18... Nc5 $11) 19. Rxc8+ {[%emt 0:08:51]} Rxc8 {[%emt 0:00:10]} 20. Bf5 {[%emt 0:00:20]} Rd8 {[%emt 0:05:51]} ({Black should try} 20... Rc7) 21. Bxd7 {[%emt 0:05:21]} Rxd7 {[%emt 0:00:20]} 22. Nd4 {[%emt 0:00:25]} Rc7 {[%emt 0:04:40]} 23. Qb5 {[%emt 0:04:26]} Kf8 {[%emt 0:08:33]} 24. h3 {[%emt 0:00:18]} Qc5 {[%emt 0:06:58]} 25. Qxc5+ {[%emt 0:06:14]} Rxc5 {[%emt 0:00:07]} 26. Kf1 {[%emt 0:00:08]} Ke7 {[%emt 0:02:25]} 27. Ke1 {[%emt 0:00:45]} Bc8 {[%emt 0:01:37]} 28. Ra1 {[%emt 0:00:48]} Kd6 {[%emt 0:01:49]} 29. Kd2 {[%emt 0:00:19]} Kc7 {[%emt 0:00:56]} 30. h4 {[%emt 0:05:51]} h5 {[%emt 0:01:01]} 31. b4 {[%emt 0:05:12]} axb4 {[%emt 0:00:26]} 32. Rb1 {[%emt 0:01:02]} Rc4 {[%emt 0:00:24]} 33. Rb3 {[%emt 0:01:20]} Kb6 {[%emt 0:00:54]} 34. Nc2 $2 {[%emt 0:01:56]} (34. Rb1 $11) 34... Ka5 {[%emt 0:00:51]} ({Resist} 34... Rxh4 35. Nxb4 Be6 36. Nd3+ Kc6 37. Rc3+ Kd6 38. Ra3 $17) 35. Nd4 {[%emt 0:00:34]} Bd7 {[%emt 0:00:30]} (35... Ka4 $19 36. Rb1 Rc3) 36. Kd3 {[%emt 0:00:59]} (36. f3 $17) 36... Bb5 {[%emt 0:00:58]} 37. Kd2 {[%emt 0:00:18]} Rc7 {[%emt 0:00:36]} 38. Rb1 {[%emt 0:00:17]} Rc3 {[%emt 0:00:30]} 39. Nc2 {[%emt 0:00:55] [#]} Bd3 $2 {[%emt 0:00:32]} (39... Rc4 $1 $17 {and life is bright.} 40. Nd4 Ba4) 40. Nxb4 {[%emt 0:00:47] Double Attack} Bxb1 {[%emt 0:00:29]} 41. Kxc3 {[%emt 0:30:01]} Kb5 {[%emt 0:30:20]} 42. Nxd5 {[%emt 0:00:16]} Kc5 {[%emt 0:00:22]} 43. Nf4 {[%emt 0:00:15]} g6 {[%emt 0:00:12]} 44. g3 {[%emt 0:01:14]} Be4 {[%emt 0:00:21]} 45. Nd3+ {[%emt 0:00:27]} Kd5 {[%emt 0:00:23]} 46. Nb4+ {[%emt 0:00:19]} (46. Kd2 $16) 46... Ke5 {[%emt 0:00:22]} 47. Kc4 {[%emt 0:00:44]} Kf5 {[%emt 0:00:31]} 48. Kd4 {[%emt 0:00:56]} Bb7 {[%emt 0:00:29]} 49. Nd3 {[%emt 0:00:13]} f6 {[%emt 0:00:46]} 50. Nc5 {[%emt 0:00:34]} Bc6 {[%emt 0:00:26]} 51. e4+ {[%emt 0:00:35]} Kg4 {[%emt 0:00:23]} 52. Ke3 {[%emt 0:00:11]} g5 {[%emt 0:00:29]} 53. hxg5 {[%emt 0:00:47]} Kxg5 {[%emt 0:01:19]} (53... fxg5 $11 {remains equal.} 54. Nd3 Be8) 54. Ne6+ {[%emt 0:00:28]} Kg4 {[%emt 0:00:25]} 55. Nd4 {[%emt 0:00:51]} Bd7 {[%emt 0:00:14] [#]} 56. Nf3 $1 {[%emt 0:00:22]} f5 $2 {[%emt 0:00:58]} (56... Be8 $18 57. Nh4 Bd7) 57. Ne5+ {[%emt 0:00:27] Double Attack} 1-0

[Event "56th Rubinstein Memorial D 2020"]
[Site "Polanica Zdroj"]
[Date "2020.08.19"]
[Round "5.10"]
[White "Grzelak, Piotr"]
[Black "Lewandrowski, Tomasz"]
[Result "1-0"]
[WhiteElo "1664"]
[BlackElo "1879"]
[Annotator "NA RC"]
[PlyCount "145"]
[EventDate "2020.08.15"]
[EventType "swiss"]
[EventCountry "POL"]
[SourceTitle "playchess.com"]
[Source "ChessBase"]
[SourceQuality "1"]
[TimeControl "40/5400+30:1800+30"]

{[%evp 8,145,14,15,9,-22,-27,-24,-17,-39,-5,-60,-76,-81,-68,-54,-21,-40,-26,-28,-33,-34,0,0,-18,-26,-18,-13,-25,-71,-27,-73,-67,-75,32767,32767,32767,-123,-138,-127,-129,-146,0,-92,32767,32767,32767,32767,32767,32767,32767,32767,32767,32767,32767,-143,-120,-527,-869,-439,-15,-213,-272,-577,-254,-360,-112,-114,-7,-179,-164,-218,-146,-118,-30,-30,-4,-21,8,12,8,0,0,2,0,0,0,0,0,0,0,0,32767,32767,32767,32767,32767,32767,32767,32767,32767,0,0,0,0,0,28,0,0,0,0,0,0,0,0,0,47,55,51,68,47,68,56,54,62,51,57,55,55,66,51,54,51,55,5077,29982,6440,29984,29982,29988]} 1. e4 {[%emt 0:14:52]} c5 {[%emt 0:00:00]} 2. c4 {[%emt 0:00:04]} d6 {[%emt 0:01:21]} 3. Ne2 {[%emt 0:00:12]} Nf6 {[%emt 0:00:36]} 4. Nbc3 {[%emt 0:00:08]} e5 {[%emt 0:00:46]} 5. d3 {[%emt 0:01:59]} Nc6 {[%emt 0:00:20]} 6. Bg5 {[%emt 0:03:07] A34: Symmetrical English: 2 Nc3, lines with ...d5.} Be7 {[%emt 0:00:15]} 7. Qd2 {[%emt 0:01:47] [#]} Nd4 $146 ({Predecessor:} 7... Bd7 8. g3 h6 9. Bxf6 Bxf6 10. Nd5 Bg5 11. f4 exf4 12. h4 Ne5 13. Ng1 Bf6 14. Nxf6+ Qxf6 15. Qxf4 {½-½ (60) Doucha,L (2099)-Blaho,S (2094) Slovakia 2011}) 8. f4 {[%emt 0:09:59]} exf4 {[%emt 0:15:31]} 9. Nxd4 {[%emt 0:03:20]} cxd4 {[%emt 0:00:18]} 10. Bxf6 {[%emt 0:00:21]} Bxf6 {[%emt 0:06:05]} 11. Nd5 {[%emt 0:00:45]} g5 {[%emt 0:03:36]} 12. Be2 {[%emt 0:03:37]} Be6 {[%emt 0:03:04]} 13. O-O-O {[%emt 0:02:03]} Be5 {[%emt 0:03:02]} 14. Kb1 {[%emt 0:04:59]} Bxd5 {[%emt 0:07:09]} 15. cxd5 {[%emt 0:06:45]} Rc8 {[%emt 0:08:59]} 16. h4 {[%emt 0:03:31]} h6 {[%emt 0:01:03]} 17. Bg4 {[%emt 0:00:41]} Rc5 {[%emt 0:01:04]} 18. Qb4 {[%emt 0:01:52]} (18. hxg5 $11 {keeps the balance.} hxg5 19. Qb4) 18... Qc7 {[%emt 0:05:49]} 19. Rc1 {[%emt 0:03:42]} (19. Bf5 $11) 19... h5 {[%emt 0:00:44]} 20. Bf5 {[%emt 0:03:04]} g4 {[%emt 0:00:16]} 21. Rxc5 {[%emt 0:00:19]} dxc5 {[%emt 0:00:38]} 22. Qb5+ {[%emt 0:03:48]} Ke7 {[%emt 0:02:33]} 23. Rc1 {[%emt 0:01:13]} b6 {[%emt 0:00:46]} 24. b4 {[%emt 0:00:46]} Kd6 $2 {[%emt 0:02:14]} (24... Rb8 $17 25. Qc4 a5) 25. bxc5+ {[%emt 0:05:16]} (25. Qa6 $1 $11 Ke7 26. Qa3) 25... bxc5 {[%emt 0:00:11]} 26. Rxc5 {[%emt 0:00:25]} Rb8 {[%emt 0:01:01]} 27. Rc6+ {[%emt 0:00:49]} Ke7 {[%emt 0:00:49]} 28. Rxc7+ {[%emt 0:01:29]} Bxc7 {[%emt 0:00:03]} 29. Qxb8 {[%emt 0:00:14]} Bxb8 {[%emt 0:00:01]} 30. Kc2 {[%emt 0:01:01]} Be5 {[%emt 0:01:51]} 31. Kb3 {[%emt 0:03:28]} Bf6 $2 {[%emt 0:04:26]} (31... f3 $19 32. gxf3 gxf3) 32. Kc4 $2 {[%emt 0:01:43]} (32. Kc2 $17 {was the crucial defense.}) 32... Kd6 {[%emt 0:03:32]} 33. Kb5 {[%emt 0:01:06]} g3 $2 {[%emt 0:04:21]} (33... Bxh4 $19 34. Bc8 f3 35. gxf3 gxf3) 34. Bh3 $2 {[%emt 0:00:50]} ({White has to play} 34. e5+ $1 $15 Kxe5 35. Be4) 34... Bd8 {[%emt 0:00:19]} ({Not} 34... Bxh4 35. a4 $17) 35. Ka6 $2 {[%emt 0:01:42]} (35. a4 {only move.} Ke5 36. Kc6) 35... Bb6 {[%emt 0:01:50]} ({Weaker is} 35... Bxh4 36. Kxa7 Bd8 37. a4 $11) 36. Kb5 {[%emt 0:00:32] [#]} f6 {[%emt 0:00:31]} (36... Ke5 $1 $19 37. Kc6 Bd8) 37. a4 {[%emt 0:03:10]} Bc5 {[%emt 0:02:54]} (37... Ke5 $17) 38. Kc4 $2 {[%emt 0:00:40] [#]} (38. a5 $1 $11 {and White is okay.}) 38... a6 $1 {[%emt 0:00:48]} 39. Kb3 {[%emt 0:00:50] [#]} Bb6 $2 {[%emt 0:00:27]} (39... Ke5 $1 $19 {has better winning chances.} 40. Kc2 {[#]} f3 $1 {[%mdl 512]}) 40. Kc2 {[%emt 0:00:23] [#]} Kc5 {[%emt 0:00:58]} (40... f5 $1 $17 {[%mdl 512]} 41. exf5 Bd8) 41. Kd2 {[%emt 0:31:01]} f3 {[%emt 0:35:12]} (41... f5 $5) 42. gxf3 {[%emt 0:00:40]} Bc7 {[%emt 0:00:01]} 43. Ke2 {[%emt 0:00:50]} Kb4 {[%emt 0:01:30]} 44. Bc8 {[%emt 0:00:39]} a5 {[%emt 0:00:11]} 45. Bd7 {[%emt 0:00:12]} Kc3 {[%emt 0:00:10]} 46. Bb5 {[%emt 0:00:49]} Bf4 {[%emt 0:04:34]} 47. Kf1 {[%emt 0:00:25]} Kd2 {[%emt 0:02:22]} 48. Kg2 {[%emt 0:00:21]} Ke3 {[%emt 0:00:20]} 49. Ba6 {[%emt 0:00:57]} Bd6 {[%emt 0:00:06]} 50. Bb5 {[%emt 0:00:25]} Kf4 {[%emt 0:00:30]} 51. Be8 {[%emt 0:02:20]} Ke3 {[%emt 0:00:44]} 52. Bb5 {[%emt 0:00:16]} Bf4 {[%emt 0:04:21]} 53. Bc4 {[%emt 0:00:26]} Bc7 {[%emt 0:00:54]} 54. Bb5 {[%emt 0:00:15]} Kf4 {[%emt 0:01:22]} 55. Bd7 {[%emt 0:01:04]} Bd6 {[%emt 0:00:28]} 56. Be8 {[%emt 0:01:37]} Ke3 {[%emt 0:00:25]} 57. Bb5 {[%emt 0:01:24]} Ke2 {[%emt 0:00:01]} 58. Bc4 {[%emt 0:00:26]} Kd2 {[%emt 0:00:03]} 59. Bb5 {[%emt 0:00:28]} Ke3 {[%emt 0:00:02]} 60. Bc4 {[%emt 0:00:16]} Kf4 {[%emt 0:00:17]} 61. Bb5 {[%emt 0:00:16]} Be7 {[%emt 0:01:12]} 62. Be8 {[%emt 0:02:18]} f5 {[%emt 0:01:32]} 63. exf5 {[%emt 0:02:36]} Bxh4 {[%emt 0:00:55]} 64. Bxh5 {[%emt 0:00:59]} Ke3 {[%emt 0:00:35]} 65. Bg6 {[%emt 0:00:24]} Bf6 {[%emt 0:00:20]} 66. Kxg3 {[%emt 0:03:45]} Kxd3 {[%emt 0:00:08]} 67. Kf4 {[%emt 0:00:32]} Kc3 {[%emt 0:01:56]} 68. Ke4 {[%emt 0:00:16]} d3 {[%emt 0:00:29]} 69. f4 {[%emt 0:00:15]} d2 {[%emt 0:01:31]} 70. Bh5 {[%emt 0:00:03]} Kc2 $18 {[%emt 0:00:53]} (70... Kb4 $14) 71. d6 {[%emt 0:00:16]} Kb3 {[%emt 0:00:31]} 72. Kd5 {[%emt 0:00:24]} Kxa4 {[%emt 0:00:14]} 73. Ke6 {[%emt 0:00:11]} 1-0